Narcissism, Melancholia and the Subject of Community

This book brings together the work of scholars and writer-practitioners of psychoanalysis to consider the legacy of two of Sigmund Freud's most important metapsychological papers: 'On Narcissism: An Introduction' (1914) and 'Mourning and Melancholia' (1917 [1915]).  These tw...

Full description

Bibliographic Details
Corporate Author: SpringerLink (Online service)
Other Authors: Sheils, Barry (Editor), Walsh, Julie (Editor)
Format: Electronic eBook
Language:English
Published: Cham : Springer International Publishing : Imprint: Palgrave Macmillan, 2017.
Series:Studies in the Psychosocial
Subjects:
Online Access:Full Text via HEAL-Link
LEADER 03068nam a22004815i 4500
001 978-3-319-63829-4
003 DE-He213
005 20171107052654.0
007 cr nn 008mamaa
008 171107s2017 gw | s |||| 0|eng d
020 |a 9783319638294  |9 978-3-319-63829-4 
024 7 |a 10.1007/978-3-319-63829-4  |2 doi 
040 |d GrThAP 
245 1 0 |a Narcissism, Melancholia and the Subject of Community  |h [electronic resource] /  |c edited by Barry Sheils, Julie Walsh. 
264 1 |a Cham :  |b Springer International Publishing :  |b Imprint: Palgrave Macmillan,  |c 2017. 
300 |a VIII, 281 p.  |b online resource. 
336 |a text  |b txt  |2 rdacontent 
337 |a computer  |b c  |2 rdamedia 
338 |a online resource  |b cr  |2 rdacarrier 
347 |a text file  |b PDF  |2 rda 
490 1 |a Studies in the Psychosocial 
520 |a This book brings together the work of scholars and writer-practitioners of psychoanalysis to consider the legacy of two of Sigmund Freud's most important metapsychological papers: 'On Narcissism: An Introduction' (1914) and 'Mourning and Melancholia' (1917 [1915]).  These twin papers, conceived in the context of unprecedented social and political turmoil, mark a point in Freud’s metapsychological project wherein the themes of loss and of psychic violence were becoming incontrovertible facts in the story of subject formation. Taking as their concern the difficulty of setting apart the ‘inner’ and the ‘outer’ worlds, as well as the difficulty of preserving an image of the coherently boundaried subject, the psychoanalytic frameworks of narcissism and melancholia provide the background coordinates for the volume’s contributors to analyse contemporary subjectivities in new psychosocial contexts. The psychoanalytic frameworks of narcissism and melancholia provide the background for contributors to analyse contemporary subjectivities in new psychosocial contexts, including community configured along the intersections of race, class, gender, sexuality and generation. This collection will be of great interest to all scholars and practitioners of psychoanalysis and the psychotherapies, social and cultural theory, gender and sexuality studies, politics, and psychosocial studies. 
650 0 |a Psychology. 
650 0 |a Culture  |x Study and teaching. 
650 0 |a Literature  |x Philosophy. 
650 0 |a Social sciences  |x Philosophy. 
650 0 |a Personality. 
650 0 |a Social psychology. 
650 1 4 |a Psychology. 
650 2 4 |a Psychosocial Studies. 
650 2 4 |a Cultural Theory. 
650 2 4 |a Personality and Social Psychology. 
650 2 4 |a Literary Theory. 
650 2 4 |a Social Theory. 
700 1 |a Sheils, Barry.  |e editor. 
700 1 |a Walsh, Julie.  |e editor. 
710 2 |a SpringerLink (Online service) 
773 0 |t Springer eBooks 
776 0 8 |i Printed edition:  |z 9783319638287 
830 0 |a Studies in the Psychosocial 
856 4 0 |u http://dx.doi.org/10.1007/978-3-319-63829-4  |z Full Text via HEAL-Link 
912 |a ZDB-2-BSP 
950 |a Behavioral Science and Psychology (Springer-41168)